Собрание сочинений. Т. 3: Стихи и поэмы (Запись № 6795734)

Подробности
000 -МАРКЕР
контрольное поле 01033nam2a22002531 4500
001 - ИДЕНТИФИКАТОР ЗАПИСИ
контрольное поле rc\986916
005 - ИДЕНТИФИКАТОР ВЕРСИИ
контрольное поле 20250622110458.0
035 ## - ДРУГИЕ СИСТЕМНЫЕ НОМЕРА
Идентификатор записи (NLR Aleph) 006255577
100 ## - ДАННЫЕ ОБЩЕЙ ОБРАБОТКИ
Данные общей обработки 20041129d1983 |||y0rusy50 ca
101 0# - ЯЗЫК РЕСУРСА
Язык текста, звукозаписи и т.д. русский
102 ## - СТРАНА ПУБЛИКАЦИИ ИЛИ ПРОИЗВОДСТВА
Страна публикации Российская Федерация
105 ## - ПОЛЕ КОДИРОВАННЫХ ДАННЫХ: ТЕКСТОВЫЕ МАТЕРИАЛЫ, МОНОГРАФИЧЕСКИЕ
Кодированные данные о монографическом текстовом документе a |||||||||
200 1# - ЗАГЛАВИЕ И СВЕДЕНИЯ ОБ ОТВЕТСТВЕННОСТИ
Основное заглавие Стихи и поэмы
210 ## - ПУБЛИКАЦИЯ, РАСПРОСТРАНЕНИЕ И ДР.
Дата издания, распространения и т.д. 1983
Место издания, распространения и т.д. Б. м.
215 ## - ФИЗИЧЕСКАЯ ХАРАКТЕРИСТИКА
Специфическое обозначение материала и объем 558 с., 8 л. цв. ил.
Другие сведения о физической характеристике ил.
300 ## - ОБЩИЕ ПРИМЕЧАНИЯ
Текст примечания Изд. выходит с 1981 г.
461 #0 - УРОВЕНЬ НАБОРА
Встроенное поле 001rc\986913
-- 2001#$aСобрание сочинений$eВ 4 т.$fАгния Барто$g[Отв. ред. Л. Левин$gПредисл. С. Баруздина]$vТ. 3
-- 700#1$aБарто$bА. Л.$f1906-1981$gАгния Львовна$3RU\NLR\AUTH\771526$4070
Системный номер (АБИС) связанной записи 6795707
Автор Барто, А. Л. (1906-1981)
Место публикации М.
Дата публикации 1981-
Первые сведения об ответственности Агния Барто
Имя издателя, распространителя и т.д. Худож. лит.
Сведения, относящиеся к заглавию В 4 т.
Заглавие Собрание сочинений
Номер тома Т. 3
801 #0 - ИСТОЧНИК ЗАПИСИ
Страна Российская Федерация
Организация NLR
Правила каталогизации psbo
801 #1 - ИСТОЧНИК ЗАПИСИ
Страна Российская Федерация
Организация ELAR
Источник данных rusmarc
852 ## - МЕСТОНАХОЖДЕНИЕ И ШИФР ХРАНЕНИЯ
Идентификатор организации NLR
Шифр хранения (Call Number) 82-3/2719
942 ## - ДОПОЛНИТЕЛЬНЫЕ ЭЛЕМЕНТЫ ЗАПИСИ (АБИС)
Тип экземпляра АБИС Книга
980 ## - КОЛЛЕКЦИЯ
Название коллекции Национальная библиография
Экземпляры
Тип экземпляра Дата поступления Библиотека постоянного хранения Библиотека текущего хранения Место хранения Шифр хранения Штрих-код Статус экземпляра Стоимость Источник поступления
Книга 26.10.2013 РНБ (Московский) РНБ (Московский) Русский книжный фонд: издания с 1957 года 82-3/2719 6255577-10      
Книга 18.02.2014 РНБ (Московский) РНБ (Московский) Фонд общего зала литературы по филологии, педагогике и искусству (гуманитарной литературы) Л1 Ш6(2=Р)7/Б-264 1-366329   2.40  
Книга 27.03.2014 РНБ (Садовая) РНБ (Садовая) Фонд научного зала литературы и искусства Нз Ш6(2=Р)7/Б-264 1-375348     Подсобные фонды РНБ
Книга 09.06.2015 РНБ (Фонтанка) РНБ (Фонтанка) Юношеский читальный зал Ю П(с)/Б-26 1-1981378     Источник неизвестен